000 01259nam a2200289 i 4500
003 EG-GICUC
005 20260121101542.0
008 251228s1972 ua ||||fr|||| 00| 0 ara d
040 _a EG-GICUC
_bara
_c EG-GICUC
_d EG-GICUC
_erda
041 0 _aara
082 0 4 _221
_a345.45713
_bم ح . أ
092 0 4 _221
099 _aLaw1 07 345.45713 م ح . أ 1972
100 0 _aمحمد عصفور
_eمؤلف.
245 1 0 _aأثر الجريمة الجنائية فى علاقات العمل :
_bدراسة مقارنة.
_nالجزء الثانى،
_pجريمة الموظف العام /
_cمحمد عصفور.
264 1 _a[مكان النشر غير محدد] :
_b[اسم الناشر غير محدد],
_c1972.
300 _a314 صفحة ؛
_c24 سم.
336 _2rda content
_atext
337 _2rda media
_aComputer
338 _2rda carrier
_aOnline Resource
504 _aيحتوي على ارجاعات ببليوجرافية
546 _aالنص أغلبه باللغة العربية مع بعض النصوص الفرنسية
650 1 4 _aالجريمة الجنائية للموظف العام
_xالقانون الإداري
856 4 0 _uhttps://fll.law.cu.edu.eg/fulltext/bks/B07-01890.pdf
905 _a75
942 _2ddc
_cBK
_e21
_n0
999 _c52779
_d52779